|
|
|
|
| LEADER |
00798nab a2200229 i 4500 |
| 001 |
misc62604 |
| 005 |
20221018130356.0 |
| 008 |
220328s1940 hu o 0|| ger d |
| 040 |
|
|
|a SZTE Miscellanea Repozitórium
|b hun
|
| 041 |
|
|
|a ger
|
| 100 |
1 |
|
|a Grönbech Kaare
|
| 245 |
1 |
4 |
|a Der Akzent im Türkischen und Mongolischen
|h [elektronikus dokumentum] /
|c Grönbech Kaare
|
| 260 |
|
|
|a Brockhaus
|b Leipzig
|c 1940
|
| 300 |
|
|
|a 375-390
|c 23 cm
|
| 300 |
|
|
|a [16] p.
|c 23 cm
|
| 490 |
0 |
|
|a Zeitschrift der Deutschen Morgenländischen Gesellschaft
|
| 561 |
|
|
|a Németh Gyula hagyaték
|
| 591 |
|
|
|a NOA 2033
|
| 650 |
|
4 |
|a Bölcsészettudományok
|
| 650 |
|
4 |
|a Nyelvek és irodalom
|
| 695 |
|
|
|a Mongol nyelv, Török nyelv
|
| 856 |
4 |
0 |
|u http://misc.bibl.u-szeged.hu/62604/1/2033_noa_g69.pdf
|z Dokumentum-elérés
|